Giáo trình vẽ kĩ thuật

Giáo trình cung cấp cho sinh viên kĩ thuật những kiến thức cơ bản về cách đọc và cách thành lập các bản vẽ kĩ thuật theo tiêu chuẩn mới nhất của Việt Nam.

Na minha lista:
Detalhes bibliográficos
Autor principal: Nguyễn, Độ
Formato: Livro
Idioma:Undetermined
Publicado em: Hà Nội Xây dựng 2008
Assuntos:
Tags: Adicionar Tag
Sem tags, seja o primeiro a adicionar uma tag!
Thư viện lưu trữ: Trung tâm Học liệu Trường Đại học Cần Thơ
LEADER 00793nam a2200205Ia 4500
001 CTU_168472
008 210402s9999 xx 000 0 und d
020 |c 42000 
082 |a 604.2 
082 |b Đ450 
100 |a Nguyễn, Độ 
245 0 |a Giáo trình vẽ kĩ thuật 
245 0 |c Nguyễn Độ 
260 |a Hà Nội 
260 |b Xây dựng 
260 |c 2008 
520 |a Giáo trình cung cấp cho sinh viên kĩ thuật những kiến thức cơ bản về cách đọc và cách thành lập các bản vẽ kĩ thuật theo tiêu chuẩn mới nhất của Việt Nam. 
650 |a Mechanical drawing,Vẽ kĩ thuật 
904 |i Bạch Trúc 
980 |a Trung tâm Học liệu Trường Đại học Cần Thơ